Culture Générale - Clic Quiz - La réponse est un mot anglais - Statistiques

Statistiques générales
  • Ce quiz a été pris 217 fois
  • Le résultat moyen est 25 sur 50
Statistiques - réponses
Hint Réponse % Correct
Complete le nom donné au discours prononcé le 28 août 1963 par Martin Luther King : I have a _______ Dream
89%
Dans les arts martiaux, désigne les techniques de défense personnelle : ________-defense Self
88%
Produit de maquillage qui donne un aspect brillant aux lèvres du visage Gloss
87%
Chaîne de restauration rapide créée en Belgique en 1971 et qui s'implante en France en 1980 Quick
86%
Forme de commerce où un client vient en voiture récupérer sa commande Drive
85%
Opérateur de téléphonie mobile français et un des principaux fournisseurs d'accès à Internet en France Free
83%
Danse lente qui se pratique en couple, enlacés, de préférence sous une lumière tamisée Slow
83%
Complete le nom de la ville des États-Unis, capitale de l’État de l'Utah : Salt _______ City Lake
80%
Compléte le nom du film américain réalisé par Robert Zemeckis en 1988 : "Qui veut la peau de Roger _______" Rabbit
80%
Logiciel de traitement de texte publié par Microsoft Word
80%
Segment de l'industrie vestimentaire se caractérisant par le renouvellement très rapide des collections : "________ Fashion" Fast
78%
Publication temporaire sur un média social, notamment Instagram Story
78%
Complète le nom de la campagne de santé publique incitant à l'abstinence de consommation d'alcool durant tout le mois de janvier : ________ January Dry
77%
Flatulence expulsée par l’anus Pet
77%
Objet simple, en forme de marche qui permet de réaliser un grand nombre d'exercices visant l'amélioration et l'entretien de la condition physique Step
77%
Zone géographique du Nevada aux États-Unis où se trouve une base militaire dite secrète, testant entre autres des appareils expérimentaux : _________ 51 Area
72%
Compléte le nom de la série de jeux vidéo de combat en un contre un, dont le 1er est publié en 1987 : _______ Fighter Street
70%
Au golf, zone de gazon tondu ras de forme approximativement circulaire où se trouve le trou Green
66%
Sport de combat de percussion appartenant au groupe dit des boxe pieds-poings : _______ contact Full
65%
Un des principaux magazines d'information hebdomadaires américains fondée en 1923 Time
61%
Complète le nom de l'organisation soutenant la théorie de la Terre plate : _______ Earth Society Flat
60%
Compléte le nom du thriller américain réalisé par David Fincher sorti en 2002 : Panic _______ Room
60%
Jeu de cartes de type réussite, notamment disponible sur certaines versions de Microsoft Windows Spider
54%
Ensemble de messages sur un forum ou un groupe de discussion sur Internet Thread
54%
Ancienne cérémonie destinée à récompenser les films pornographiques : _______ d'or Hot
51%
Single de The Verve sorti en 1993 et chanson du groupe italien Eiffel 65 (Da Ba Dee) Blue
49%
Droit des citoyens américains de connaître l'impact de l'environnement sur leur santé : ________ to know Right
47%
Courant musical lancé au début des années 1980 à Chicago constituée d'un rythme minimal et d'une ligne de basse proche du funk auxquels s'ajoutent souvent des voix, samplées ou non House
46%
Nom sous lequel est plus connu le poète britannique George Gordon Byron : _______ Byron Lord
46%
Plateforme de pétitions en ligne lancé en 2007 : ________.org Change
43%
Chanson de Van Halen sortie en 1983 utilisé par l'Olympique de Marseille Jump
43%
Franchise de basket-ball évoluant en NBA : _________ de Miami Heat
42%
Désigne deux Franchises professionnelles de baseball de la MLB : les Red et White ________ Sox
42%
Compléte le nom du quatrième album studio de Daft Punk : ________ Access Memories Random
33%
Ancienne unité de masse, encore utilisée dans certains pays, dont la valeur est comprise entre 24,658 9 et 33,568 9 grammes Once
27%
Une des cinq plages du débarquement allié en Normandie le 6 juin 1944 : ________ Beach Gold
25%
Compléte le nom du mouvement de foule, appelé aussi Braveheart, rencontré dans les concerts metal et rock : _________ of Death Wall
25%
Compléte l'expression qui désigne un artiste musical n'ayant obtenu qu'un seul succès : One-hit ________ Wonder
23%
Complete le terme anglais qui désigne la récupération de pellicules impressionnées ou de bandes vidéos dans le but de fabriquer un autre film : _______ Footage Found
22%
Compléte cette série de manga écrit et dessiné par Rei Hiroe , prépublié depuis 2002 : ________ Lagoon Black
19%
Compléte le nom du jeu vidéo sorti en 2001 sur Nintendo 64 : "________ Mario" Paper
18%
Ancienne écurie de Formule 1, en activité de 1983 à 1985, et dans laquelle a notamment débuté le V6 Honda turbo Spirit
18%
Film d'épouvante réalisé par John Carpenter, sorti en 1980 Fog
14%
Single d'Eminem et Ed Sheeran sorti en 2018 et chanson de Miley Cyrus sortie en 2023 River
14%
Groupe britannique de rock, originaire de Londres, formé en 1968. Il est considéré comme un des pionniers du genre progressif Yes
13%
Poète, musicien et critique américain qui a fait partie du mouvement moderniste début 1920s et souvent rattaché à la Génération perdue : Ezra _________ Pound
11%
Film américain réalisé par Steven Spielberg et sorti en 1989 (remake du film dramatique Un nommé Joe de 1943) Always
10%
Dans la mythologie irlandaise, guerrier originaire d’Espagne qui prend possession de l'Irlande et dont le peuple sont les ancêtres des Gaels Mile
8%
Commune française, située dans le département de la Manche, peuplée de 785 habitants : _______-sur-Elle Moon
5%
Monnaie de la Turquie, selon la norme ISO 4217 : 1 _______ ≈ 0,028 EUR (au 4 août 2024) Try
5%
Aucun quiz correspondant
Distribution des résultats
% des personnes avec chaque résultat
Percentile par nombre de réponses
Votre historique - résultats
Vous n’avez pas pris ce quiz